000 00386nam a2200145Ia 4500
008 221030s9999 xx 000 0 und d
041 _aEnglish
082 _a105.23
100 _aJ. P. Tremblay
245 0 _aDiscrete Mathematical Structures with Applicaitons to Computer Science
_cby J. P. Tremblay, R. Manohar
260 _c0
650 _aB
700 _aR. Manohar
942 _cBK
999 _c13132
_d13132